000 00666nam a22002177a 4500
005 20260306162901.0
100 _aLi, Y.
245 _aOptimization of natural rubber latex formulation via spherical symmetric design and silica reinforcement for enhanced mechanical performance
260 _bPolymers for Advanced Technologies, 36
_c2025
300 _bOnline
650 _aMechanical properties
650 _aNatural rubber latex
650 _aOptimized formulation
650 _aSilica
650 _aSpherical symmetric design
700 _aMa, S.
700 _aLuo, M.
700 _aHe, Y.
856 _uhttps://doi.org/10.1002/pat.70288
942 _cJS
999 _c75855
_d75855